| 000 | 00438nam a2200157Ia 4500 | ||
|---|---|---|---|
| 008 | 231217s9999 xx 000 0 und d | ||
| 020 | _a8178810980 | ||
| 041 | _aEnglish | ||
| 082 | _a368.3 SEE.3;2 R1 | ||
| 100 | _aSeethapathi, K. Murthy, G R K. Jawaharlal, U ed. | ||
| 245 | 0 | _aGroup and health insurance V.3 | |
| 260 |
_c2002 _bIcfai _aHyderabad |
||
| 300 | _aiii, 183+A15 | ||
| 650 | _aGroup,health,insurance,V.3 | ||
| 942 | _cAA | ||
| 999 |
_c189558 _d189558 |
||